Saber escolar y didáctica museográfica: algunas reflexiones y propuestas metodológicas
Zapisane w:
| Główni autorzy: | , |
|---|---|
| Format: | Książka |
| Język: | hiszpański |
| Wydane: |
Valparaíso
Pontificia Universidad Católica de Valparaíso
2004
|
| Hasła przedmiotowe: | |
| Etykiety: |
Dodaj etykietę
Nie ma etykietki, Dołącz pierwszą etykiete!
|
MARC
| LEADER | 00000nam a2200000 a 4500 | ||
|---|---|---|---|
| 001 | UCK3505 | ||
| 003 | CL-VaPUC | ||
| 008 | 050429e20040000CL |||||||||||||||||spa|d | ||
| 082 | 0 | 4 | |a 371.384 |b AYA |2 21 |
| 100 | 0 | |a Ayala Villegas, Estela |e author |9 491559 | |
| 700 | |a Gómez Alcorta, Alfredo Germán |e author |9 623243 | ||
| 245 | 1 | 0 | |a Saber escolar y didáctica museográfica: algunas reflexiones y propuestas metodológicas |
| 300 | |a Pág. irreg | ||
| 942 | |c BK | ||
| 945 | |d 20050429 00:00:00 |a cmena | ||
| 260 | |a Valparaíso |b Pontificia Universidad Católica de Valparaíso |c 2004 | ||
| 650 | 0 | |a Métodos de enseñanza |9 270413 | |
| 650 | 0 | |a Museografía |9 449671 | |
| 650 | 0 | |a Visitas guiadas |9 491561 | |
| 650 | 0 | |a Patrimonio cultural |9 309364 | |
| 650 | 0 | |a Enseñanza de la historia |9 307330 | |
| 651 | 7 | |a CHILE |2 CL-VaPUC |9 491562 | |
| 583 | |a last modification |c 20050429 00:00:00 |k Rodrigo Vera | ||
| 999 | |c 312643 |d 312641 | ||
| 952 | |0 0 |1 0 |4 0 |6 371_384000000000000_AYA_2004 |7 0 |8 A |9 383248 |a BIBHIS |b BIBHIS |d 2019-11-21 |i 4086740 |o 371.384 AYA 2004 |p 4086740 |r 2025-01-20 |w 2019-11-21 |y BK |k HIS | ||